000 00541nam a2200181Ia 4500
005 20250508152421.0
008 008 250505s9999 xx 000 0 eng d
037 _aTextual
040 _aFEDL
_beng
_cFEDL
041 _aeng
_2eng
084 _a808.3, PEA
_qFEDL
100 _aPearson Norman Holmes Ed.
_9618066
245 0 _aComplete novels and selected tales of nathaniel hawthorne
260 _aNew York, USA
_bThe Modern Library
_c1937
300 _axv,1223p.
942 _cTEXL
_h808.3, PEA
999 _c1336288
_d1336288